000 00425nam a2200121Ia 4500
008 220620s9999||||xx |||||||||||||| ||und||
100 _aLee-fang Chien, Cecilia
245 0 _aSalt and State
_bAn Annotated Translation of the Songshi Salt Monopoly Treatise
546 _aEnglish[eng]
650 _aSociology and anthropology
856 _uhttps://library.oapen.org/bitstream/20.500.12657/41845/1/9780472901456.pdf
942 _cEB
999 _c25136
_d25136